[Event "chess.com Junior Speed Q"]
[Site "chess.com INT"]
[Date "2020.09.09"]
[Round "1.9"]
[White "Shevchenko, Kirill"]
[Black "Albornoz Cabrera, Carlos Daniel"]
[Result "0-1"]
[WhiteTitle "GM"]
[BlackTitle "GM"]
[WhiteElo "2592"]
[BlackElo "2573"]
[WhiteFideId "14129574"]
[BlackFideId "3518736"]
[EventDate "2020.09.09"]

1. e4 c5 2. c3 Nf6 3. e5 Nd5 4. Nf3 Nc6 5. Bc4 Nb6 6. Bb3 d5 7. exd6 Qxd6 8. O-O
Be6 9. a4 Rd8 10. a5 Nd5 11. Re1 g6 12. Na3 Bg7 13. a6 b6 14. Ng5 O-O 15. Nxe6
fxe6 16. Nc4 Qc7 17. Rxe6 Kh8 18. d3 b5 19. Ne3 Nf4 20. Re4 Nxd3 21. Qe2 Nxf2
22. Rh4 Nd3 23. Bc2 c4 24. b3 Nce5 25. bxc4 bxc4 26. Nxc4 Nxc4 27. Bxd3 Qc5+ 28.
Kh1 Ne5 29. Ba3 Qxc3 30. Rd1 Nxd3 31. Bd6 Rxd6 32. Rg4 Nf2+ 0-1

[Event "chess.com Junior Speed Q"]
[Site "chess.com INT"]
[Date "2020.09.09"]
[Round "1.10"]
[White "Albornoz Cabrera, Carlos Daniel"]
[Black "Shevchenko, Kirill"]
[Result "1/2-1/2"]
[WhiteTitle "GM"]
[BlackTitle "GM"]
[WhiteElo "2573"]
[BlackElo "2592"]
[WhiteFideId "3518736"]
[BlackFideId "14129574"]
[EventDate "2020.09.09"]

1. e4 e5 2. Nf3 d6 3. d4 exd4 4. Nxd4 Nf6 5. Nc3 g6 6. Be2 Bg7 7. Be3 O-O 8. Qd2
Re8 9. f3 Nc6 10. O-O-O d5 11. Bb5 Bd7 12. exd5 Nxd4 13. Bxd4 Bxb5 14. Nxb5 Qxd5
15. Nc3 Qf5 16. Qd3 Qg5+ 17. Qd2 Qf5 18. Kb1 Rad8 19. Qf2 b6 20. Rhe1 c5 21. Be3
Rxd1+ 22. Rxd1 Qe5 23. Re1 Re6 24. h3 Nd5 25. Bd2 Qd6 26. Rxe6 Qxe6 27. Nxd5
Qxd5 28. Qe2 Kf8 29. c3 Qf5+ 30. Kc1 h5 31. Qe4 Qxe4 32. fxe4 Ke7 33. Kc2 b5 34.
b3 Kd6 35. c4 bxc4 36. bxc4 Bd4 37. Kd3 a6 38. Bf4+ Ke6 1/2-1/2

[Event "chess.com Junior Speed Q"]
[Site "chess.com INT"]
[Date "2020.09.09"]
[Round "1.11"]
[White "Shevchenko, Kirill"]
[Black "Albornoz Cabrera, Carlos Daniel"]
[Result "1-0"]
[WhiteTitle "GM"]
[BlackTitle "GM"]
[WhiteElo "2592"]
[BlackElo "2573"]
[WhiteFideId "14129574"]
[BlackFideId "3518736"]
[EventDate "2020.09.09"]

1. e4 c5 2. Nf3 d6 3. d4 cxd4 4. Nxd4 Nf6 5. Nc3 a6 6. Be3 e5 7. Nf3 Be7 8. Nd2
b5 9. a4 b4 10. Nd5 Nxd5 11. exd5 Nd7 12. a5 O-O 13. Nc4 f5 14. f3 Bh4+ 15. g3
Be7 16. Bf2 Bb7 17. Ra4 Qc7 18. Rxb4 e4 19. Nb6 Rab8 20. Be2 Bf6 21. O-O Nc5 22.
f4 Rfe8 23. Be3 h6 24. Qd2 Kh7 25. Rc4 Qe7 26. b4 Nd7 27. Rc7 Red8 28. c4 Qe8
29. c5 dxc5 30. bxc5 Nxb6 31. axb6 Rxd5 32. Qc2 Rc8 33. Rxb7 Qd8 34. c6 Qd6 35.
Rd1 Bd4 36. Bxd4 Rxd4 37. Rd7 Rxd1+ 38. Qxd1 Qxc6 39. Qd4 Qc1+ 40. Kg2 Rg8 41.
b7 1-0

[Event "chess.com Junior Speed Q"]
[Site "chess.com INT"]
[Date "2020.09.09"]
[Round "1.12"]
[White "Albornoz Cabrera, Carlos Daniel"]
[Black "Shevchenko, Kirill"]
[Result "0-1"]
[WhiteTitle "GM"]
[BlackTitle "GM"]
[WhiteElo "2573"]
[BlackElo "2592"]
[WhiteFideId "3518736"]
[BlackFideId "14129574"]
[EventDate "2020.09.09"]

1. Nf3 Nf6 2. c4 g6 3. Nc3 Bg7 4. e4 d6 5. d4 O-O 6. Be2 e5 7. O-O Qe7 8. Re1
exd4 9. Nxd4 Nxe4 10. Nd5 Qd8 11. Bf3 Nc5 12. b4 Ne6 13. Bb2 Nc6 14. Nxe6 fxe6
15. Bxg7 Kxg7 16. Ne3 Ne5 17. Be2 Qf6 18. Rf1 g5 19. Qd2 Qf4 20. g3 Nf3+ 21.
Bxf3 Qxf3 22. Rae1 e5 23. Nd5 Bh3 24. Qxg5+ Kh8 25. Ne3 Bxf1 26. Rxf1 Rg8 27.
Qh4 Raf8 28. Qe7 Rf7 29. Qe6 Qf6 30. Qd5 c6 31. Qe4 Qf3 32. Qd3 h5 33. Qxd6 Qf6
34. Qd1 h4 35. Qe2 Rfg7 36. Qh5+ Rh7 37. Qf5 Qxf5 38. Nxf5 hxg3 39. hxg3 Rg5 40.
Ne3 Rgh5 41. Kg2 e4 42. Rd1 Rh2+ 43. Kf1 Rh1+ 44. Ke2 Rxd1 45. Nxd1 Rd7 46. Nc3
Rd4 47. a3 Rxc4 48. Kd2 Kg7 49. Nd1 Kf6 50. Ne3 Rd4+ 51. Ke2 a5 52. bxa5 Ra4 53.
Nc2 Rxa5 54. Ke3 Ke5 55. g4 Rc5 56. Kd2 Kf4 57. Ne3 Ra5 58. Nc4 Ra4 59. Nd6 Rd4+ 0-1

[Event "chess.com Junior Speed Q"]
[Site "chess.com INT"]
[Date "2020.09.09"]
[Round "1.13"]
[White "Shevchenko, Kirill"]
[Black "Albornoz Cabrera, Carlos Daniel"]
[Result "0-1"]
[WhiteTitle "GM"]
[BlackTitle "GM"]
[WhiteElo "2592"]
[BlackElo "2573"]
[WhiteFideId "14129574"]
[BlackFideId "3518736"]
[EventDate "2020.09.09"]

1. e4 c5 2. Nf3 Nc6 3. Nc3 e5 4. Bc4 Be7 5. d3 d6 6. Nd2 Nf6 7. Nf1 Nd7 8. Ne3
Nb6 9. O-O O-O 10. Ncd5 Bg5 11. c3 Be6 12. a4 Bxe3 13. Nxe3 d5 14. exd5 Nxd5 15.
Qf3 Nf4 16. Bxe6 fxe6 17. Nc4 Qxd3 18. Qxd3 Nxd3 19. Be3 Rad8 20. a5 Rd5 21. f3
Rfd8 22. Ra3 Nf4 23. Rb3 R8d7 24. Rb5 Nd3 25. h4 h6 26. Ra1 Kh7 27. a6 b6 28.
Rd1 Nf4 29. Re1 Nd3 30. Nd2 Nxe1 31. Ne4 Nc2 32. Bf2 Rd1+ 33. Kh2 Ne1 34. b4 Nd3
35. bxc5 Nxc5 36. Bxc5 bxc5 37. Rxc5 Ne7 38. Rxe5 Ng6 39. Rxe6 Nf4 40. Re5 Ne2
41. Nc5 R7d5 42. Rxe2 Rxc5 43. Re7 Rxc3 44. Rxa7 Ra3 0-1

[Event "chess.com Junior Speed Q"]
[Site "chess.com INT"]
[Date "2020.09.09"]
[Round "1.14"]
[White "Albornoz Cabrera, Carlos Daniel"]
[Black "Shevchenko, Kirill"]
[Result "0-1"]
[WhiteTitle "GM"]
[BlackTitle "GM"]
[WhiteElo "2573"]
[BlackElo "2592"]
[WhiteFideId "3518736"]
[BlackFideId "14129574"]
[EventDate "2020.09.09"]

1. Nf3 Nf6 2. c4 g6 3. Nc3 Bg7 4. e4 d6 5. d4 O-O 6. Be2 e5 7. O-O Nc6 8. d5 Ne7
9. b4 a5 10. Ba3 axb4 11. Bxb4 b6 12. a4 Ne8 13. Nd2 f5 14. Nb3 Rb8 15. Bf3 Ba6
16. Nd2 c5 17. Ba3 Nf6 18. Rb1 f4 19. Qb3 g5 20. Be2 g4 21. f3 h5 22. Rb2 g3 23.
h3 Ng6 24. Rfb1 Nh4 25. a5 Bc8 26. Bf1 Nh7 27. axb6 Ng5 28. b7 Bd7 29. Qb6 Qf6
30. Nb5 Nxg2 31. Bxg2 Nxh3+ 32. Bxh3 Qh4 33. Nf1 Bxh3 34. Qxd6 Rxb7 35. Bxc5 Rf6
36. Qd8+ Kh7 37. Nd6 Rxb2 38. Rxb2 Bxf1 39. Kxf1 Qh1+ 40. Bg1 Qxf3+ 41. Ke1 g2
42. Nf5 Qf1+ 43. Kd2 Qxg1 44. Nxg7 Qd4+ 45. Kc2 g1=Q 46. Qxf6 Qgf2+ 47. Kb3
Qfxb2+ 48. Ka4 Qa7+ 0-1

[Event "chess.com Junior Speed Q"]
[Site "chess.com INT"]
[Date "2020.09.09"]
[Round "1.1"]
[White "Deac, Bogdan-Daniel"]
[Black "Nguyen, Thai Dai Van"]
[Result "0-1"]
[WhiteTitle "GM"]
[BlackTitle "GM"]
[WhiteElo "2625"]
[BlackElo "2569"]
[WhiteFideId "1226380"]
[BlackFideId "358878"]
[EventDate "2020.09.09"]

1. d4 d5 2. c4 e6 3. Nf3 Nf6 4. Nc3 c5 5. Bf4 cxd4 6. Nxd4 Nbd7 7. Qa4 Bc5 8.
cxd5 O-O 9. Nb3 exd5 10. e3 Be7 11. Rd1 Nb6 12. Qd4 Bg4 13. Be2 Bxe2 14. Kxe2
Rc8 15. Bg5 h6 16. Bh4 Rc4 17. Bxf6 Rxd4 18. Bxd4 Bf6 19. Rd3 Bxd4 20. Rxd4 Qg5
21. g3 Rc8 22. Rhd1 Qh5+ 23. Ke1 Qxh2 24. Nd2 Qh1+ 25. Ke2 Qh5+ 26. Nf3 Qg6 27.
R1d3 Kh7 28. b3 Qe6 29. a4 a5 30. Ne1 Rc5 31. Kd2 Qf5 32. Ke2 Qc8 33. Kd2 Qc6
34. Ng2 g5 35. Ne1 Kg6 36. Nf3 f6 37. g4 Qe6 38. Ne1 Rc6 39. Nc2 Qf7 40. Ke2 Qc7
41. Kd2 Qh2 42. Ke2 Qc7 43. Kd2 Nc4+ 44. bxc4 dxc4 45. Rd7 Qh2 46. R3d4 Qxf2+
47. Kd1 Qg1+ 0-1

[Event "chess.com Junior Speed Q"]
[Site "chess.com INT"]
[Date "2020.09.09"]
[Round "1.2"]
[White "Nguyen, Thai Dai Van"]
[Black "Deac, Bogdan-Daniel"]
[Result "1-0"]
[WhiteTitle "GM"]
[BlackTitle "GM"]
[WhiteElo "2569"]
[BlackElo "2625"]
[WhiteFideId "358878"]
[BlackFideId "1226380"]
[EventDate "2020.09.09"]

1. c4 e6 2. g3 d5 3. Bg2 Nf6 4. Nf3 Be7 5. O-O O-O 6. d4 dxc4 7. Qc2 b5 8. a4 b4
9. Nfd2 Nd5 10. Nxc4 c5 11. dxc5 Ba6 12. Ne3 Nd7 13. Nxd5 exd5 14. c6 Rc8 15.
Bf4 Nc5 16. Rd1 d4 17. h4 h6 18. Bf3 Re8 19. Nd2 Bf8 20. Nb3 d3 21. exd3 Bxd3
22. Qxc5 Bxc5 23. Nxc5 Qf6 24. Rxd3 Qf5 25. Rd5 1-0

[Event "chess.com Junior Speed Q"]
[Site "chess.com INT"]
[Date "2020.09.09"]
[Round "1.3"]
[White "Deac, Bogdan-Daniel"]
[Black "Nguyen, Thai Dai Van"]
[Result "0-1"]
[WhiteTitle "GM"]
[BlackTitle "GM"]
[WhiteElo "2625"]
[BlackElo "2569"]
[WhiteFideId "1226380"]
[BlackFideId "358878"]
[EventDate "2020.09.09"]

1. e4 e6 2. d4 d5 3. Nc3 Nf6 4. e5 Nfd7 5. f4 c5 6. Nf3 Nc6 7. Be3 cxd4 8. Nxd4
Qb6 9. Qd2 Qxb2 10. Rb1 Qa3 11. Bb5 Nxd4 12. Bxd4 a6 13. Bxd7+ Bxd7 14. Rb3 Qe7
15. Rxb7 Qh4+ 16. g3 Qd8 17. O-O Qc8 18. Rfb1 Bc5 19. Qe3 Bxd4 20. Qxd4 Bb5 21.
Rb6 O-O 22. a4 Bc4 23. Kf2 h5 24. h3 Ra7 25. Rb8 Qc7 26. Rxf8+ Kxf8 27. g4 Rb7
28. Rxb7 Qxb7 29. Ke3 h4 30. Kd2 Qb4 31. f5 Kg8 32. fxe6 fxe6 33. g5 Qf8 34.
Qxh4 Qf1 35. g6 Qg2+ 36. Kc1 Qxg6 37. Kb2 Qe8 38. Qg4 Qb8+ 39. Kc1 Qxe5 40. Kd2
d4 41. Nd1 Bd5 42. h4 Be4 43. Nf2 Bf5 44. Qg5 Qc5 45. Nd3 Qc3+ 46. Kd1 Bxd3 0-1

[Event "chess.com Junior Speed Q"]
[Site "chess.com INT"]
[Date "2020.09.09"]
[Round "1.4"]
[White "Nguyen, Thai Dai Van"]
[Black "Deac, Bogdan-Daniel"]
[Result "1-0"]
[WhiteTitle "GM"]
[BlackTitle "GM"]
[WhiteElo "2569"]
[BlackElo "2625"]
[WhiteFideId "358878"]
[BlackFideId "1226380"]
[EventDate "2020.09.09"]

1. c4 e6 2. Nc3 d5 3. d4 c6 4. e3 Nf6 5. Nf3 Nbd7 6. Qc2 b6 7. b3 Bb7 8. Be2 Bd6
9. O-O O-O 10. Bb2 Qe7 11. a4 Bb4 12. Ne5 Nxe5 13. dxe5 Nd7 14. Na2 c5 15. Nxb4
cxb4 16. f4 Rac8 17. Rfc1 a5 18. Bd4 Nc5 19. Qb2 Rfd8 20. Rd1 h6 21. Rac1 dxc4
22. Bxc4 Rc7 23. Bxc5 Rxc5 24. Rxd8+ Qxd8 25. Qe2 Qc7 26. Rd1 Bc6 27. Rd4 Bd5
28. Bxd5 exd5 29. h3 Qc6 30. Qf3 b5 31. axb5 Rxb5 32. Kh2 Rc5 33. f5 Kh7 34. Qg3
Qe8 35. Rg4 Qf8 36. f6 g5 37. h4 Qe8 38. hxg5 d4 39. exd4 Rc3 40. Qh4 Kg8 41.
Qxh6 Qf8 42. Qxf8+ Kxf8 43. g6 fxg6 44. e6 Re3 45. d5 Re5 46. Rc4 1-0

[Event "chess.com Junior Speed Q"]
[Site "chess.com INT"]
[Date "2020.09.09"]
[Round "1.5"]
[White "Deac, Bogdan-Daniel"]
[Black "Nguyen, Thai Dai Van"]
[Result "0-1"]
[WhiteTitle "GM"]
[BlackTitle "GM"]
[WhiteElo "2625"]
[BlackElo "2569"]
[WhiteFideId "1226380"]
[BlackFideId "358878"]
[EventDate "2020.09.09"]

1. e4 e6 2. d4 d5 3. Nc3 Bb4 4. exd5 exd5 5. Bd3 Nf6 6. Nf3 O-O 7. O-O c6 8. Ne5
Nbd7 9. Bg5 Re8 10. Re1 Nf8 11. Qf3 Be6 12. Bxf6 Qxf6 13. Qxf6 gxf6 14. Nf3 Bg4
15. Nd2 Ne6 16. Nb3 Bh5 17. a3 Bd6 18. g3 Ng5 19. Nd2 Bg6 20. f4 Bxd3 21. cxd3
Ne6 22. Nf3 Bc7 23. h4 Bb6 24. Ne2 f5 25. Kg2 f6 26. Red1 a5 27. Rd2 a4 28. h5
Kf7 29. Nh4 Bxd4 30. Nxf5 Bc5 31. d4 Bf8 32. g4 Ra5 33. Rc1 Rb5 34. Rc3 Ra8 35.
Kf3 Ra6 36. Rcc2 Rb3+ 37. Nc3 b5 0-1

[Event "chess.com Junior Speed Q"]
[Site "chess.com INT"]
[Date "2020.09.09"]
[Round "1.6"]
[White "Nguyen, Thai Dai Van"]
[Black "Deac, Bogdan-Daniel"]
[Result "1-0"]
[WhiteTitle "GM"]
[BlackTitle "GM"]
[WhiteElo "2569"]
[BlackElo "2625"]
[WhiteFideId "358878"]
[BlackFideId "1226380"]
[EventDate "2020.09.09"]

1. d4 d5 2. c4 e6 3. Nc3 c6 4. e3 Nf6 5. Nf3 Nbd7 6. Qc2 b6 7. b3 Bb7 8. Be2 Bd6
9. O-O O-O 10. Bb2 Qe7 11. a4 Bb4 12. Ne5 Nxe5 13. dxe5 Nd7 14. Na2 a5 15. Nxb4
axb4 16. f4 c5 17. cxd5 Bxd5 18. e4 Bb7 19. Rad1 f6 20. Bc4 Kh8 21. Rd6 fxe5 22.
Rxe6 Qh4 23. g3 Qh3 24. Re7 Rae8 25. Rxe8 Rxe8 26. fxe5 Nf8 27. Qf2 h6 28. e6
Bxe4 29. e7 Ng6 30. Bxg7+ Kh7 31. Bf8 1-0

[Event "chess.com Junior Speed Q"]
[Site "chess.com INT"]
[Date "2020.09.09"]
[Round "1.7"]
[White "Deac, Bogdan-Daniel"]
[Black "Nguyen, Thai Dai Van"]
[Result "0-1"]
[WhiteTitle "GM"]
[BlackTitle "GM"]
[WhiteElo "2625"]
[BlackElo "2569"]
[WhiteFideId "1226380"]
[BlackFideId "358878"]
[EventDate "2020.09.09"]

1. b3 Nf6 2. Bb2 g6 3. Nf3 Bg7 4. g3 O-O 5. Bg2 d5 6. c4 c6 7. O-O a5 8. Nc3 Re8
9. d4 Bf5 10. e3 Nbd7 11. Rc1 Ne4 12. cxd5 Nxc3 13. Rxc3 cxd5 14. Qe2 Be4 15.
Qb5 e5 16. Rcc1 exd4 17. Nxd4 Bxg2 18. Kxg2 Nb6 19. Rc2 Qd6 20. Rfc1 h5 21. h4
Rad8 22. Rc7 Rd7 23. Rxb7 Rxb7 24. Qxe8+ Kh7 25. Rc6 Qe5 26. Ba3 Qxe8 0-1

[Event "chess.com Junior Speed Q"]
[Site "chess.com INT"]
[Date "2020.09.09"]
[Round "1.8"]
[White "Nguyen, Thai Dai Van"]
[Black "Deac, Bogdan-Daniel"]
[Result "1-0"]
[WhiteTitle "GM"]
[BlackTitle "GM"]
[WhiteElo "2569"]
[BlackElo "2625"]
[WhiteFideId "358878"]
[BlackFideId "1226380"]
[EventDate "2020.09.09"]

1. c4 g6 2. Nc3 c5 3. d4 cxd4 4. Qxd4 Nf6 5. e4 Nc6 6. Qd1 Bg7 7. Nf3 O-O 8. Bd3
d6 9. O-O Nd7 10. h3 Nc5 11. Bc2 Be6 12. Qe2 Bxc3 13. bxc3 Na5 14. Nd2 Rc8 15.
Rb1 b6 16. Bb3 Qc7 17. Kh1 f5 18. exf5 Bxf5 19. Rb2 Bd3 20. Qe1 Rf5 21. Rg1 Re5
22. Qd1 Rf8 23. Nf3 Ref5 24. Be3 Bxc4 25. Nd4 R5f7 26. Re1 Qd7 27. Kh2 e5 28.
Nf3 Rxf3 29. gxf3 Ne6 30. Rd2 Rd8 31. Rg1 d5 32. Qc2 Qf7 33. Rg3 Kh8 34. h4 Ng7
35. Bg5 Rf8 36. Rd1 Nh5 37. Rh3 Qe6 38. Bxc4 Nxc4 39. Qe2 Rf5 40. Qd3 Rxg5 41.
Qxd5 Nf4 42. Qxe6 Rg2+ 43. Kh1 Nxe6 44. Kxg2 Nf4+ 45. Kh2 Nxh3 46. Kxh3 Kg7 47.
Rd8 Kf6 48. Rd7 1-0

[Event "chess.com Junior Speed Q"]
[Site "chess.com INT"]
[Date "2020.09.09"]
[Round "1.9"]
[White "Deac, Bogdan-Daniel"]
[Black "Nguyen, Thai Dai Van"]
[Result "1-0"]
[WhiteTitle "GM"]
[BlackTitle "GM"]
[WhiteElo "2625"]
[BlackElo "2569"]
[WhiteFideId "1226380"]
[BlackFideId "358878"]
[EventDate "2020.09.09"]

1. b3 g6 2. Bb2 Nf6 3. Nf3 Bg7 4. g3 O-O 5. Bg2 Nh5 6. d4 d5 7. c4 c6 8. O-O f5
9. Nc3 e6 10. e3 Nd7 11. Ne2 Nhf6 12. Nf4 Qe7 13. Qc1 Ne4 14. Ba3 c5 15. cxd5
Nb6 16. d6 Qd8 17. dxc5 Nd7 18. Nxe6 1-0

[Event "chess.com Junior Speed Q"]
[Site "chess.com INT"]
[Date "2020.09.09"]
[Round "1.10"]
[White "Nguyen, Thai Dai Van"]
[Black "Deac, Bogdan-Daniel"]
[Result "0-1"]
[WhiteTitle "GM"]
[BlackTitle "GM"]
[WhiteElo "2569"]
[BlackElo "2625"]
[WhiteFideId "358878"]
[BlackFideId "1226380"]
[EventDate "2020.09.09"]

1. d4 g6 2. e4 Bg7 3. Nc3 d6 4. Nf3 Nf6 5. Be2 O-O 6. O-O c6 7. a4 a5 8. Re1 Qc7
9. h3 Na6 10. Bf4 Nb4 11. e5 dxe5 12. Bxe5 Qd8 13. Bc4 Bf5 14. Re2 Re8 15. Bb3
Rc8 16. Ng5 Rf8 17. Qd2 b6 18. Rae1 h6 19. Nxf7 Rxf7 20. Bxf7+ Kxf7 21. Bf4 e6
22. Bxh6 Nxc2 23. Bxg7 Kxg7 24. Rd1 Nb4 25. g4 Nxg4 26. hxg4 Bxg4 27. Rde1 Bxe2
28. Qxe2 Qg5+ 29. Kf1 Rh8 30. Qe5+ Qxe5 31. Rxe5 Kf7 32. Ne4 Rh5 33. Nd6+ Kf6
34. Nc4 Nd5 35. Rxh5 gxh5 36. Kg2 Kf5 37. Kf3 h4 38. Nd6+ Kg5 39. Ne4+ Kf5 40.
Nd6+ Kf6 41. Ne4+ Kg6 42. Kg4 Nb4 43. Nd6 h3 44. Kxh3 Nd3 45. Nc8 Nxb2 46. Nxb6
Kf5 47. f3 Kf4 48. Kg2 Ke3 49. Kg3 Kxd4 50. Kf4 c5 51. Kg3 c4 52. Kf2 c3 53. Ke2
Kc5 54. Nd7+ Kb4 55. Nf8 Kb3 56. Nxe6 Nxa4 57. Nd4+ Kb2 58. f4 Nc5 59. f5 c2 60.
Nxc2 Kxc2 61. f6 a4 62. f7 Nd7 63. Ke3 a3 64. Ke4 a2 65. Kd5 a1=Q 66. Kd6 Nf8
67. Ke7 Qa3+ 68. Ke8 Kd3 69. Kd8 Ke4 70. Ke8 Kf5 0-1

[Event "chess.com Junior Speed Q"]
[Site "chess.com INT"]
[Date "2020.09.09"]
[Round "1.11"]
[White "Deac, Bogdan-Daniel"]
[Black "Nguyen, Thai Dai Van"]
[Result "1-0"]
[WhiteTitle "GM"]
[BlackTitle "GM"]
[WhiteElo "2625"]
[BlackElo "2569"]
[WhiteFideId "1226380"]
[BlackFideId "358878"]
[EventDate "2020.09.09"]

1. b3 e5 2. Bb2 Nc6 3. e3 Nf6 4. Bb5 Bd6 5. Ne2 O-O 6. Ng3 Re8 7. O-O a6 8. Be2
Bf8 9. f4 e4 10. c4 b5 11. Bxf6 Qxf6 12. Nc3 bxc4 13. bxc4 Bb7 14. Ncxe4 Qd8 15.
Rb1 Rb8 16. Ng5 h6 17. Nf3 d5 18. Qa4 Ne7 19. cxd5 Nxd5 20. Rfc1 Nb6 21. Qa5
Bxf3 22. Bxf3 Nc4 23. Rxb8 Nxa5 24. Rxd8 Rxd8 25. d4 Re8 26. Kf2 Rb8 27. Rc2 g6
28. Ne4 Kg7 29. g4 Rb6 30. h4 Nc6 31. g5 hxg5 32. hxg5 Nb4 33. Rxc7 Nd3+ 34. Ke2
Nb4 35. Nf6 Nxa2 36. Bd5 Nb4 37. Rxf7+ 1-0

[Event "chess.com Junior Speed Q"]
[Site "chess.com INT"]
[Date "2020.09.09"]
[Round "1.12"]
[White "Nguyen, Thai Dai Van"]
[Black "Deac, Bogdan-Daniel"]
[Result "0-1"]
[WhiteTitle "GM"]
[BlackTitle "GM"]
[WhiteElo "2569"]
[BlackElo "2625"]
[WhiteFideId "358878"]
[BlackFideId "1226380"]
[EventDate "2020.09.09"]

1. c4 f5 2. Nc3 Nf6 3. g3 g6 4. Bg2 Bg7 5. Nf3 O-O 6. O-O d6 7. d4 c6 8. Qc2 Na6
9. Rb1 Qe8 10. b4 e5 11. dxe5 dxe5 12. e4 fxe4 13. Ng5 Bf5 14. Ngxe4 Nc7 15. Re1
Ne6 16. Be3 Nd4 17. Qb2 Rd8 18. Rbd1 Nxe4 19. Nxe4 Bg4 20. Rd2 Nf3+ 21. Bxf3
Bxf3 22. Ng5 Bg4 23. h3 Bc8 24. Red1 Rxd2 25. Qxd2 b6 26. Kh2 h6 27. Ne4 Qe6 28.
g4 Qxc4 29. Nd6 Qe6 30. Nxc8 Qxc8 31. Bxh6 Bxh6 32. Qxh6 Rxf2+ 33. Kg3 Rf6 34.
Qg5 Qe6 35. Rd8+ Kg7 36. Rd2 e4 37. h4 e3 38. Re2 Qd6+ 39. Kg2 Re6 40. h5 Qd3
41. h6+ Kh7 42. Kf3 Qe4+ 43. Kg3 Qd3 44. Kf3 Qe4+ 45. Kg3 Qxb4 46. Rxe3 Qd2 47.
Re5 Qd6 48. Kf4 c5 49. Qd8 Qxe5+ 0-1

[Event "chess.com Junior Speed Q"]
[Site "chess.com INT"]
[Date "2020.09.09"]
[Round "1.13"]
[White "Deac, Bogdan-Daniel"]
[Black "Nguyen, Thai Dai Van"]
[Result "1-0"]
[WhiteTitle "GM"]
[BlackTitle "GM"]
[WhiteElo "2625"]
[BlackElo "2569"]
[WhiteFideId "1226380"]
[BlackFideId "358878"]
[EventDate "2020.09.09"]

1. b3 Nf6 2. Bb2 g6 3. g3 Bg7 4. Bg2 O-O 5. Nf3 d5 6. c4 c5 7. cxd5 Nxd5 8. Bxg7
Kxg7 9. Qc1 b6 10. O-O Bb7 11. Qb2+ Nf6 12. Rd1 Nc6 13. d4 cxd4 14. Nxd4 Nxd4
15. Rxd4 Qb8 16. Nd2 Bxg2 17. Kxg2 Rd8 18. Nf3 Qb7 19. Rad1 Rxd4 20. Rxd4 Rc8
21. Qd2 Qc6 22. Rc4 Qb7 23. Qc3 Rxc4 24. Qxc4 Qd5 25. Qc7 Qd7 26. Qe5 Kg8 27.
Nd4 Qd5+ 28. Qxd5 Nxd5 29. Nc6 a5 30. Kf3 Kf8 31. e4 Nc3 32. a4 Ke8 33. Ke3 f6
34. Kd3 Na2 35. Kc4 Kd7 36. Nd4 e5 37. Nc2 Kc6 38. Ne3 Nb4 39. Ng4 f5 40. exf5
gxf5 41. Nxe5+ Kd6 42. f4 Nd5 43. Kb5 Kc7 44. Kc4 Ne3+ 45. Kd4 Nf1 46. Nf3 Kd6
47. Kd3 Kd5 48. Ke2 Ke4 49. Ng5+ Kd4 50. Kxf1 Kc3 51. g4 Kxb3 52. gxf5 1-0

[Event "chess.com Junior Speed Q"]
[Site "chess.com INT"]
[Date "2020.09.09"]
[Round "1.14"]
[White "Nguyen, Thai Dai Van"]
[Black "Deac, Bogdan-Daniel"]
[Result "0-1"]
[WhiteTitle "GM"]
[BlackTitle "GM"]
[WhiteElo "2569"]
[BlackElo "2625"]
[WhiteFideId "358878"]
[BlackFideId "1226380"]
[EventDate "2020.09.09"]

1. e4 c6 2. d3 d5 3. Nf3 dxe4 4. dxe4 Qxd1+ 5. Kxd1 Nf6 6. Nfd2 g5 7. f3 h5 8.
Nc3 Nbd7 9. a4 g4 10. f4 e5 11. Nc4 exf4 12. Bxf4 Nb6 13. a5 Nxc4 14. Bxc4 Bb4
15. Be5 Rh6 16. Rf1 Ke7 17. Ra4 Bc5 18. b4 Be3 19. Ke2 Bg5 20. b5 Be6 21. bxc6
bxc6 22. Rb4 Nd7 23. Bxe6 Rxe6 24. Bf4 Bf6 25. Na4 c5 26. Rc4 Bd4 27. c3 Rxe4+
28. Kd3 Rxf4 29. cxd4 Rxf1 30. dxc5 Ne5+ 31. Ke2 Nxc4 32. Kxf1 Rc8 0-1

[Event "chess.com Junior Speed Q"]
[Site "chess.com INT"]
[Date "2020.09.09"]
[Round "1.1"]
[White "Theodorou, Nikolas"]
[Black "Moroni, Luca Jr"]
[Result "1/2-1/2"]
[WhiteTitle "IM"]
[BlackTitle "GM"]
[WhiteElo "2554"]
[BlackElo "2530"]
[WhiteFideId "4262875"]
[BlackFideId "865834"]
[EventDate "2020.09.09"]

1. d4 Nf6 2. c4 e6 3. g3 d5 4. Bg2 dxc4 5. Nf3 c5 6. O-O Nc6 7. dxc5 Qxd1 8.
Rxd1 Bxc5 9. Nbd2 c3 10. bxc3 O-O 11. Nb3 Be7 12. Nfd4 Bd7 13. Bg5 Rfd8 14. Nxc6
Bxc6 15. Bxc6 bxc6 16. c4 h6 17. Bxf6 Bxf6 18. Rab1 Rab8 19. e3 Rxd1+ 20. Rxd1
Rb4 21. Rc1 Kf8 22. Kf1 Ra4 23. Rc2 Ke7 24. Ke2 h5 25. h3 g6 26. Nc5 Rb4 27. Nd3
Rb1 28. Rc1 Rb8 29. Kd2 Rb6 30. Kc2 Ra6 31. Nb4 Rb6 32. Rb1 Kd6 33. Nd3 Ra6 34.
Rb7 Rxa2+ 35. Kc1 Ra1+ 36. Kc2 Ra2+ 37. Kd1 Bc3 38. Kc1 f5 39. Rb3 Ba5 40. Rb7
c5 41. Rg7 Rd2 42. Nf4 Rxf2 43. Rxg6 Kd7 44. Nxe6 Bd2+ 45. Kc2 Bxe3+ 46. Kd3 Bd4
47. Nxd4 cxd4 48. Kxd4 f4 49. gxf4 Rxf4+ 50. Kd5 Rf5+ 51. Kd4 Rf4+ 52. Kd5 Rf5+
53. Ke4 Rc5 54. Kd4 Ra5 55. c5 Ra3 56. Kd5 Rd3+ 57. Ke4 Rxh3 58. Rg7+ Kc6 59.
Rxa7 Kxc5 60. Rh7 Kd6 61. Kf4 Ke6 62. Kg5 Rh1 63. Rxh5 Rxh5+ 64. Kxh5 1/2-1/2

[Event "chess.com Junior Speed Q"]
[Site "chess.com INT"]
[Date "2020.09.09"]
[Round "1.2"]
[White "Moroni, Luca Jr"]
[Black "Theodorou, Nikolas"]
[Result "1-0"]
[WhiteTitle "GM"]
[BlackTitle "IM"]
[WhiteElo "2530"]
[BlackElo "2554"]
[WhiteFideId "865834"]
[BlackFideId "4262875"]
[EventDate "2020.09.09"]

1. d4 Nf6 2. c4 g6 3. Nc3 Bg7 4. e4 d6 5. Bd3 O-O 6. Nge2 b6 7. O-O Bb7 8. f3 e5
9. d5 a5 10. Be3 Na6 11. b3 Nh5 12. Qd2 Bc8 13. g4 Nf6 14. Ng3 Nc5 15. Bc2 Bd7
16. Kg2 c6 17. g5 Ne8 18. h4 cxd5 19. Nxd5 Rb8 20. Rad1 Ne6 21. Ne2 f6 22. f4
exf4 23. Nexf4 fxg5 24. Nxe6 Bxe6 25. Bxg5 Qd7 26. Rxf8+ Bxf8 27. Qe3 Bg7 28.
Rf1 Kh8 29. Rf2 Nc7 30. Nf6 Qc6 31. h5 gxh5 32. Qf3 Bf7 33. e5 Qxf3+ 34. Rxf3
dxe5 35. Nd7 Rg8 36. Rxf7 Ne6 37. Be7 Nf4+ 38. Kh2 Ng6 39. Bxg6 hxg6 40. Bf6 e4
41. Rxg7 Rxg7 42. Ne5 Kh7 43. Bxg7 Kxg7 44. Kg3 Kf6 45. Nd7+ Kf5 46. Nxb6 g5 47.
Nd5 h4+ 48. Kh3 Ke5 49. Ne3 Kd4 50. Ng2 e3 51. c5 Kxc5 52. Nxe3 Kb4 53. Nc4 a4
54. Nd2 a3 55. Nb1 Kc5 56. Nxa3 Kd4 57. Nc2+ Ke4 58. Ne1 Ke3 59. Ng2+ Kf3 60.
Nxh4+ Kf4 61. Ng6+ 1-0